000
00301 a2200145 4500
001
155679
040
_c
Escola São Tomás de Aquino
100
_a
VICENTE, Gil
240
1
0
_a
Gil Vicente
_l
por
245
1
0
_a
Gil Vicente
300
_a
108
362
0
_a
1982
697
_a
GENERALIDADES
942
_c
BK
999
_c
155679
_d
155679